Statistics for Alphametic Quiz - Numbers-for-Letters Puzzle

Click here to take the quiz!

General Stats

  • This quiz has been taken 28 times
  • The average score is 4 of 5

Answer Stats

Letter Value % Correct
P = {1}
94%
U = {3}
89%
O = {8}
83%
G = {9}
78%
E = {0}
72%

Score Distribution

Percentile by Number Answered

Percent of People with Each Score

Your Score History

You have not taken this quiz